000 003460000a22001330004500
041 0 _aSPA
082 0 4 _aG 843 M661p
100 1 _aMilosz, Czeslaw
245 1 0 _aEl poder cambia de manos / Czeslaw Milosz; Rarael Vázquez Zamora, Traductor
260 _aBogotá, Colombia : Círculo de Lectores
300 _a237 Pag
001 10944
942 _cBK
999 _c40334
_d40334